000
00318nam a22001457a 4500
008
210429b ||||| |||| 00| 0 eng d
020
_a
0030584566
041
_a
eng
080
_2
2nd
_a
311
082
_a
311
100
_a
55
101
_a
STA
245
_a
Elementary Statistics
_c
Gene R. Sellers
942
_2
udc
_c
BK
999
_c
57004
_d
57004